01249cam a2200373Ia 45000010008000000030009000080050017000170060019000340070015000530080041000680200015001090200015001240350026001390400029001650500024001940500011002180820028002291000019002572100038002762450102003142500012004162600058004285000020004865020006005065060043005126500028005556500028005836550029006117000017006407000017006577100017006747730051006918560133007427697582USPCAS-E20180118181414.0m d cr n 040528s2004 enka s 001 0 eng d a0750663979 a0080455980 a(WaSeSS)ssj0000225908 aCaPaEBRcCaPaEBRdWaSeSS 4aTK1001b.H49 2004eb 4aTK1005 222a621.317bHEW-P 20051 aHewitson, Les.10aPractical power system protection10aPractical power system protectionh[electronic resource] /cLes Hewitson, Mark Brown, Ben Ramesh. a4th ed. aOxford ;aBurlington, MA :bElsevier /Newnes,cc2004. aIncludes index. a0 aLicense restrictions may limit access. 0aElectric power systems. 0aElectrical engineering. 7aElectronic books.2local1 aBrown, Mark.1 aRamesh, Ben.2 aebrary, Inc. 0tReferex Electronics and Electrical Engineering40uhttp://www.columbia.edu/cgi-bin/cul/resolve?clio7697582zFull text available from Referex Electronics and Electrical Engineering